| 000 | 00921nam a22003017a 4500 | ||
|---|---|---|---|
| 001 | BR6003713 | ||
| 003 | BR-BrBNA | ||
| 005 | 20230928083154.0 | ||
| 007 | ta | ||
| 008 | 230509b bl.||||| |||| 00| 0 por d | ||
| 040 |
_aBR-BrBNA _bpor _cBiblioteca Nacional de Agricultura |
||
| 041 | _a(Por) | ||
| 072 |
_aD50; E15; E10 _b/G514 |
||
| 090 | _ D50 BR6003713 | ||
| 100 | 1 | _aLamounier Junior, G. | |
| 245 | 1 | _aA servico da Agricultura [Legislacao; Direito agrario; Estatuto da terra; Estatuto do trabalhador rural; Cooperativa; Credito rural; Brasil] | |
| 260 | 3 |
_aRio de Janeiro, GB (Brasil): _c[nd]. |
|
| 300 | _av. 1-2 | ||
| 500 | _a15 tables; Published 1973? | ||
| 650 | _aLEGISLACAO | ||
| 650 | _aDIREITO AGRARIO | ||
| 650 | _aESTATUTO DA TERRA | ||
| 650 | _aESTATUTO DO TRABALHADOR RURAL | ||
| 650 | _aCOOPERATIVA | ||
| 650 | _aCREDITO RURAL | ||
| 909 |
_a202309 _bLucia _c55 _dLucia Elande |
||
| 942 | _cBK | ||
| 999 |
_c11963 _d11963 |
||